000 00632cam a22002293a 4500
001 40404
003 PGUSA
005 20140828083913.0
008 120804s2012||||xxu|||||s|||||000 | eng d
040 _aPGUSA
_beng
042 _adc
050 4 _aQE
100 1 _aNorton, William Harmon,
_d1856-1944
245 1 4 _aThe Elements of Geology
_h[electronic resource] /
_cWilliam Harmon Norton
260 _bProject Gutenberg,
_c2012
506 _aPublic domain in the USA.
516 _aElectronic text
653 _aGeology
830 0 _aProject Gutenberg
_v40404
856 4 0 _uhttp://www.gutenberg.org/ebooks/40404
942 _cEB
999 _c269657
_d269657